Normal view MARC view

Entry Meeting Name

Number of records used in: 1

001 - CONTROL NUMBER

  • control field: 12973

003 - CONTROL NUMBER IDENTIFIER

  • control field: OSt

005 - DATE AND TIME OF LATEST TRANSACTION

  • control field: 20211105133614.0

008 - FIXED-LENGTH DATA ELEMENTS

  • fixed length control field: 211105|| aca||aabn | a|a d

040 ## - CATALOGING SOURCE

  • Original cataloging agency: OSt
  • Transcribing agency: OSt

111 ## - HEADING--MEETING NAME

  • Meeting name or jurisdiction name as entry element: General Assembly of the International Astronomical Union
  • Number of part/section/meeting: XIIIth
  • Location of meeting: Prague
  • Date of meeting or treaty signing: 1967 Aug. 22-31

670 ## - SOURCE DATA FOUND

  • Source citation: Work cat.: (OSt): General Assembly of the International Astronomical Union XIIIth Prague 1967 Aug. 22-31, Highlights of astronomy, 1968

Powered by Koha